| 000 | 00927nam a2200241 a 4500 | ||
|---|---|---|---|
| 005 | 20070119085348.0 | ||
| 008 | 060831s2006 ii b 000 0 eng | ||
| 010 | _aENG-91361 | ||
| 020 | _c65.00 | ||
| 035 | _aEN-74894 | ||
| 037 | _bDBAD / PUB | ||
| 040 |
_adpl _bEnglish |
||
| 082 | _a883.08 | ||
| 100 | _aHemalatha, S. | ||
| 245 |
_aA kaleidoscopic survey of Jayakanthan's prefaces to his short stories / _cby S. Hemalatha |
||
| 260 |
_aChennai _bToday Publication _c2005 |
||
| 300 |
_a101p. _c20cm (pbk) |
||
| 500 | _aIncludes bibliographical references | ||
| 520 | _aHistory of Kashmiri Pandits and Kashmir, India. | ||
| 600 |
_aJayakanthan, 1934- _xCriticism and interpretation. |
||
| 942 |
_2ddc _cEN _mHEM _h883.08 |
||
| 999 |
_c16857 _d16857 |
||